MyGZULibrary

Understanding phonology / (Record no. 3877)

MARC details
000 -LEADER
fixed length control field 01081cam a22003255a 4500
001 - CONTROL NUMBER
control field 16940247
003 - CONTROL NUMBER IDENTIFIER
control field GZU
005 - DATE AND TIME OF LATEST TRANSACTION
control field 20210310110221.0
008 - FIXED-LENGTH DATA ELEMENTS--GENERAL INFORMATION
fixed length control field 110830s2011 enka 001 0 eng
010 ## - LIBRARY OF CONGRESS CONTROL NUMBER
LC control number 2011453833
020 ## - INTERNATIONAL STANDARD BOOK NUMBER
International Standard Book Number 9781444112047 (pbk.)
020 ## - INTERNATIONAL STANDARD BOOK NUMBER
International Standard Book Number 144411204X (pbk.)
040 ## - CATALOGING SOURCE
Original cataloging agency DLC
Transcribing agency DLC
042 ## - AUTHENTICATION CODE
Authentication code pcc
050 00 - LIBRARY OF CONGRESS CALL NUMBER
Classification number P217
Item number .GUS 2011
082 00 - DEWEY DECIMAL CLASSIFICATION NUMBER
Classification number 414
Edition number 23
100 1# - MAIN ENTRY--PERSONAL NAME
Personal name Gussenhoven, Carlos,
Dates associated with a name 1946-
245 10 - TITLE STATEMENT
Title Understanding phonology /
Statement of responsibility, etc. Carlos Gussenhoven and Haike Jacobs.
250 ## - EDITION STATEMENT
Edition statement 3rd ed.
260 ## - PUBLICATION, DISTRIBUTION, ETC.
Place of publication, distribution, etc. London :
Name of publisher, distributor, etc. Hodder Education,
Date of publication, distribution, etc. 2011.
300 ## - PHYSICAL DESCRIPTION
Extent 319 p. :
Other physical details ill. ;
Dimensions 24 cm.
490 0# - SERIES STATEMENT
Series statement Understanding language series
500 ## - GENERAL NOTE
General note Previously published: London : Hoddor Arnold, 2005.
504 ## - BIBLIOGRAPHY, ETC. NOTE
Bibliography, etc. note Includes bibliographical references (p. [300]-310) and indexes.
650 #0 - SUBJECT ADDED ENTRY--TOPICAL TERM
Topical term or geographic name entry element Grammar, Comparative and general
General subdivision Phonology.
700 1# - ADDED ENTRY--PERSONAL NAME
Personal name Jacobs, Haike,
Dates associated with a name 1961-
906 ## - LOCAL DATA ELEMENT F, LDF (RLIN)
a 7
b cbc
c origres
d 2
e ncip
f 20
g y-gencatlg
942 ## - ADDED ENTRY ELEMENTS (KOHA)
Source of classification or shelving scheme Library of Congress Classification
Koha item type Books
Classification part 217
Item part GUS
Call number prefix P
Holdings
Withdrawn status Lost status Damaged status Not for loan Collection code Home library Current library Shelving location Date acquired Total Checkouts Full call number Barcode Date last seen Copy number Price effective from Koha item type
        Non-fiction City Campus Library City Campus Library General Stacks 03/10/2021   P291 GUS 2011 010203 03/10/2021 c.1 03/10/2021 Books
        Non-fiction Mashava Campus Library Mashava Campus Library General Stacks 05/18/2021   P219 GUS 2011 010198 05/18/2021 c.2 05/18/2021 Books